000
00226nam a22000857a 4500
008
170116b xxu||||| |||| 00| 0 eng d
100
_9
2436
_a
Anderson.H.S.etal.
245
_a
Sports Nutrition & Health
260
_a
New Delhi
_b
SET
_c
2009
999
_c
5477
_d
5477